Agent Arthur's island treasure / (Record no. 110328)
[ view plain ]
| 000 -LEADER | |
|---|---|
| fixed length control field | 00595nam a2200205 a 4500 |
| 001 - CONTROL NUMBER | |
| control field | 0198 |
| 005 - DATE AND TIME OF LATEST TRANSACTION | |
| control field | 20140414131854.0 |
| 008 - FIXED-LENGTH DATA ELEMENTS--GENERAL INFORMATION | |
| fixed length control field | 040819s19uu xx 00 eng d |
| 020 ## - INTERNATIONAL STANDARD BOOK NUMBER | |
| International Standard Book Number | 0-7460-2093-7 |
| 050 ## - LIBRARY OF CONGRESS CALL NUMBER | |
| Classification number | M 741.5 |
| Item number | Si4 1998 |
| 100 ## - MAIN ENTRY--PERSONAL NAME | |
| Personal name | Sims, Lesley |
| 245 ## - TITLE STATEMENT | |
| Title | Agent Arthur's island treasure / |
| Statement of responsibility, etc | Lesley Sims ; illustrated by Paddy Mounter. |
| 260 ## - PUBLICATION, DISTRIBUTION, ETC. (IMPRINT) | |
| Place of publication, distribution, etc | England : |
| Name of publisher, distributor, etc | Usborne, |
| Date of publication, distribution, etc | 1998. |
| 300 ## - PHYSICAL DESCRIPTION | |
| Extent | 48 p. : ill. ; cm. |
| 440 ## - SERIES STATEMENT/ADDED ENTRY--TITLE | |
| Title | Usborne 24 Puzzle Adventures |
| 650 ## - SUBJECT ADDED ENTRY--TOPICAL TERM | |
| Topical term or geographic name as entry element | Cartoon, caricatures, comics. |
| 650 ## - SUBJECT ADDED ENTRY--TOPICAL TERM | |
| Topical term or geographic name as entry element | Adventures |
| General subdivision | Fiction. |
| Withdrawn status | Lost status | Damaged status | Use restrictions | Home library | Current library | Shelving location | Date acquired | Source of acquisition | Total Checkouts | Full call number | Barcode | Date last seen | Price effective from | Koha item type |
|---|---|---|---|---|---|---|---|---|---|---|---|---|---|---|
| Munich Library | Munich Library | Main Section | 08/19/2004 | M 741.5 Si4 1998 | M0712 | 04/14/2014 | 04/14/2014 | Books | ||||||
| Munich Library | Munich Library | Main Section | 08/19/2004 | M 741.5 Si4 1998 | M0711 | 04/14/2014 | 04/14/2014 | Books |